000 00289nam a22001337a 4500
008 170602b xxu||||| |||| 00| 0 eng d
020 _a155423663
041 _aeng
080 _a94
100 _a17
101 _aSHH
245 _aSCHOLLS 21 CENTURY
_cSCHLECHTTY.P.C
942 _2udc
_cBK
999 _c15766
_d15766